000 01641nam a2200349 c 4500
003 BLK
005 20180420221320.0
008 180408b bul|||||r ||||||| ||bul||
010 _aKNG00045078000
020 _a978-954-8483-15-5
_bиздат.: Парнас
040 _aBLK
041 _aBUL
_cBUL
072 7 _2bullib
_aН30
_xОбществени науки Н
080 _aСоциография. Социално положение. Условия на политическия и социалния живот. Социално и социално-икономическо положение на отделните страни, народи, раси. Социална география. (Общи въпроси)
_b308
_x(494)(0:82-4)
_z308(494)(0:82-4)
080 _aБългарска литература
_b821.163.2
_x-4
_z821.163.2-4
100 1 _aКоларова-Шиндлер, Румена
_eпърви автор
_9277786
139 _aКоларова-Шиндлер, Румена
_bК 77
245 1 0 _aИзкушението Швейцария
_cРумена Коларова-Шиндлер.
257 _aBGR
260 Русе
_bПарнас
_c2011
_fВ. Търново : Абагар
300 _a200 с.
_bс ил., к.
_c21Х21 см
380 _a91
650 4 _aШвейцария - социално-икономическо положение
_9277787
651 4 _aШвейцария
_9179801
653 _aШвейцария
659 _aН
852 _aЦб 254198
856 4 _qpdf
_u
856 4 _qpdf
_u
942 _cKNG
_n0
944 _aCR
_c29.12.2011
_lф /
_kЛюдмила_Стоянова
944 _aED
_c15.02.2012
_lф /
_k
999 _c41513
_d41513